书目信息 |
| 题名: |
鸟儿为何五彩斑斓--澳大利亚传说
|
|
| 作者: | 海伦·查普曼 著 ;费伊·马丁 绘 | |
| 分册: | 2 十四级 | |
| 出版信息: | 北京 外语教学与研究出版社 2021.11 |
|
| 页数: | 31页 | |
| 开本: | 20cm | |
| 丛书名: | ||
| 单 册: | ||
| 中图分类: | H319.4 | |
| 科图分类: | ||
| 主题词: | 英语 | |
| 电子资源: | ||
| ISBN: | 978-7-5213-3002-1 | |
| 000 | 00915nam0 2200253 450 | |
| 001 | 2653352887 | |
| 005 | 20260626145154.23 | |
| 010 | @a978-7-5213-3002-1 | |
| 100 | @a20260625d2021 km y0chiy0120 ea | |
| 101 | 0 | @achi |
| 102 | @aCN@b110000 | |
| 200 | 1 | @a鸟儿为何五彩斑斓--澳大利亚传说@ANiao Er Wei He Wu Cai Ban Lan--Ao Da Li Ya Chuan Shuo@e大猫英语分级阅读@h2@i十四级@f(奥)海伦·查普曼著;(英)费伊·马丁绘@F(Ao)Hai Lun·Cha Pu Man Zhu;(Ying)Fei Yi·Ma Ding Hui |
| 210 | @a北京@c外语教学与研究出版社@d2021.11 | |
| 215 | @a31页@d20cm | |
| 300 | @a适合初中二、三年级 | |
| 503 | @n河南城建学院图书馆 | |
| 517 | 1 | @a大猫英语分级阅读@ADa Mao Ying Yu Fen Ji Yue Du |
| 517 | 1 | @a十四级@AShi Si Ji |
| 606 | 0 | @a英语 |
| 690 | @aH319.4@v4 | |
| 701 | 0 | @a海伦·查普曼@AHai Lun·Cha Pu Man@4著 |
| 702 | 0 | @a费伊·马丁@AFei Yi·Ma Ding@4绘 |
| 801 | 0 | @aCN@b河南城建学院图书馆@c20260625 |
| 905 | @dH319.4@eH0294:14:2 | |
| 鸟儿为何五彩斑斓--澳大利亚传说:大猫英语分级阅读.2.十四级/(奥)海伦·查普曼著;(英)费伊·马丁绘.-北京:外语教学与研究出版社,2021.11 |
| 31页;20cm |
| 适合初中二、三年级 |
| ISBN 978-7-5213-3002-1: |
| ● |
| 相关链接 |
|
|
|
正题名:鸟儿为何五彩斑斓--澳大利亚传说
索取号:H319.4/H0294:14:2
 
预约/预借
| 序号 | 登录号 | 条形码 | 馆藏地/架位号 | 状态 | 备注 |
| 1 | 1557225 | 215572253 | 外国语学院资料室/ [索取号:H319.4/H0294:14:2] | 在馆 |